Shelter recommends RICS code (Record no. 70312)
[ view plain ]
| 000 -LEADER | |
|---|---|
| fixed length control field | 01188cam a2200217 4500 |
| 001 - CONTROL NUMBER | |
| control field | WB3819-16 |
| 008 - FIXED-LENGTH DATA ELEMENTS--GENERAL INFORMATION | |
| fixed length control field | 020521n2002 000 0 eng u |
| 035 ## - SYSTEM CONTROL NUMBER | |
| System control number | (Sirsi) u118073 |
| 245 ## - TITLE STATEMENT | |
| Title | Shelter recommends RICS code |
| 260 ## - PUBLICATION, DISTRIBUTION, ETC. | |
| Date of publication, distribution, etc. | 2002 |
| 490 ## - SERIES STATEMENT | |
| Series statement | RICS Residential Faculty News |
| Volume/sequential designation | 17 May 2002, (1) |
| 520 ## - SUMMARY, ETC. | |
| Summary, etc. | RICS Residential Property Faculty has achieved success in influencing the Private Rented Sector Commission, brought together by Shelter and the Joseph Rowntree Foundation. The Commissionαs report, "Private renting: a new settlement" recommends a code of management practice to ensure landlords, or their agents, are fit and proper. Shelter and the JRF have recommended the RICS "Rent only residential management code" in particular. Summary of report available at http://www.shelter.org.uk/images/pdfs/PRSmediareport.pdf http://www.rics.org/ricscms/bin/show?class=News&template=/includes/shownews.html&id=2545 |
| 590 ## - LOCAL NOTE (RLIN) | |
| Local note | WB |
| 650 ## - SUBJECT ADDED ENTRY--TOPICAL TERM | |
| Topical term or geographic name entry element | PRIVATE RENTED SECTOR |
| 650 ## - SUBJECT ADDED ENTRY--TOPICAL TERM | |
| Topical term or geographic name entry element | SHELTER |
| 650 ## - SUBJECT ADDED ENTRY--TOPICAL TERM | |
| Topical term or geographic name entry element | JOSEPH ROWNTREE FOUNDATION |
| 650 ## - SUBJECT ADDED ENTRY--TOPICAL TERM | |
| Topical term or geographic name entry element | RICS RENT ONLY RESIDENTIAL MANAGEMENT CODE |
| 650 ## - SUBJECT ADDED ENTRY--TOPICAL TERM | |
| Topical term or geographic name entry element | RICS |
| 690 ## - LOCAL SUBJECT ADDED ENTRY--TOPICAL TERM (OCLC, RLIN) | |
| Topical term or geographic name as entry element | HOUSING-PRIVATE RENTED SECTOR |
| 942 ## - ADDED ENTRY ELEMENTS (KOHA) | |
| Suppress in OPAC | 0 |
| Withdrawn status | Lost status | Source of classification or shelving scheme | Damaged status | Not for loan | Home library | Current library | Shelving location | Date acquired | Total Checkouts | Full call number | Barcode | Date last seen | Copy number | Price effective from | Koha item type |
|---|---|---|---|---|---|---|---|---|---|---|---|---|---|---|---|
| Dewey Decimal Classification | London | London | News article | 21/05/2002 | WB3819-16 | 118073-1001 | 06/08/2019 | 1 | 06/08/2019 | News article |